Juego de seducción = Ploy /
Kaydedildi:
| Yazar: | |
|---|---|
| Diğer Yazarlar: | , , , , , , , |
| Materyal Türü: | |
| Baskı/Yayın Bilgisi: |
Tailandia? : Amsterdam, Holanda :
Five Star Entertainment ; Fortissimo Films,
2007
|
| Konular: | |
| Etiketler: |
Etiket eklenmemiş, İlk siz ekleyin!
|
MARC
| LEADER | 00000ngm^a2200000^a^4500 | ||
|---|---|---|---|
| 001 | 000360961 | ||
| 005 | 20250521000000.0 | ||
| 009 | 20260310115439.247 | ||
| 037 | |a Acervo ITESO - Biblioteca | ||
| 041 | |a OTR | ||
| 082 | |a 895. 91 |b RAT | ||
| 100 | |a Ratanaruang, Pen-Ek |e (realización) | ||
| 245 | 1 | 0 | |a Juego de seducción = |b Ploy / |c Realización de P.E. Ratanaruang. |
| 264 | 1 | |a Tailandia? : |b Five Star Entertainment ; |a Amsterdam, Holanda : |b Fortissimo Films, |c 2007 | |
| 264 | 2 | |a México : |b Zatmeni [distribución], |c fecha no identificada | |
| 300 | |a 1 DVD regiones 1 y 4 |c (101 min.) | ||
| 336 | |a imagen móvil bidimensional |b tdi |2 rdacontenido | ||
| 337 | |a video |b v |2 rdamedio | ||
| 338 | |a videodisco |b vd |2 rdasoporte | ||
| 546 | |a En thai, con subtítulos opcionales: español | ||
| 649 | |a XX | ||
| 650 | |a Dramas Cinematográficos | ||
| 650 | |a Cine Tailandés - |y 2000-2009 | ||
| 650 | |a Cine Tailandés - |y Siglo XXI | ||
| 650 | |a Melancolía y Nostalgia | ||
| 650 | |a Celos | ||
| 650 | |a Amor | ||
| 650 | |a Relaciones de Pareja | ||
| 650 | |a Relaciones Intergénero | ||
| 650 | |a Sexualidad | ||
| 650 | |a Comunicación Personal | ||
| 650 | |a Hoteles en el Cine | ||
| 700 | |a Ratanaruang, Pen-Ek |e (guión) | ||
| 700 | |a Chamnivikaipong, Chankit |e (fotógrafo) | ||
| 700 | |a Yukol, Patamanadda |e (montaje) | ||
| 700 | |a Riddim, Hualampong |e (música) | ||
| 700 | |a Shimizu, Koichi |e (música) | ||
| 700 | |a Panyopas, Lalita |e (actuación) | ||
| 700 | |a Sarasin, Pornwut |e (actuación) | ||
| 700 | |a Everingham, Ananda |e (actuación) | ||
| 910 | |a Fondo General | ||
| 920 | |a Audiovisuales - DVDs | ||
| 940 | |a Películas | ||
| 905 | |a 302 | ||
| 901 | |a 0500251362 |b IT2 |c DVS |i C147309 |u 20250521 | ||
| 902 | |a https://opac.biblio.iteso.mx/vufind/Record/000360961 | ||